Mosaic 1 Reading
Đã lưu trong:
| Hovedforfatter: | |
|---|---|
| Andre forfattere: | |
| Format: | Bog |
| Sprog: | Undetermined |
| Udgivet: |
Tp. Hồ Chí Minh
Tổng hợp Tp. Hồ Chí Minh; McGraw - hill
2009
|
| Fag: | |
| Online adgang: | http://lrc.tdmu.edu.vn/opac/search/detail.asp?aID=2&ID=14355 |
| Tags: |
Tilføj Tag
Ingen Tags, Vær først til at tagge denne postø!
|
| Thư viện lưu trữ: | Trung tâm Học liệu Trường Đại học Thủ Dầu Một |
|---|
| LEADER | 00702nam a2200217Ia 4500 | ||
|---|---|---|---|
| 001 | TDMU_14355 | ||
| 008 | 210410s9999 xx 000 0 und d | ||
| 082 | |a 428.4 | ||
| 090 | |b W201 | ||
| 100 | |a Wegmann, Brenda | ||
| 245 | 0 | |a Mosaic 1 | |
| 245 | 0 | |b Reading | |
| 245 | 0 | |c Brenda Wegmann, Miki Knezevic | |
| 260 | |a Tp. Hồ Chí Minh | ||
| 260 | |b Tổng hợp Tp. Hồ Chí Minh; McGraw - hill | ||
| 260 | |c 2009 | ||
| 300 | |a 256tr. | ||
| 650 | |a Tiếng Anh |x Kỹ năng đọc |v Sách luyện thi; TOEFL | ||
| 700 | |a Knezevic, Miki | ||
| 856 | |u http://lrc.tdmu.edu.vn/opac/search/detail.asp?aID=2&ID=14355 | ||
| 980 | |a Trung tâm Học liệu Trường Đại học Thủ Dầu Một | ||